000 01485nam a22002417a 4500
003 DO-SdBNP
005 20240306073901.0
007 ta
008 210701b2018 dr 00| 0 eng d
020 _a9789945169126
040 _aDO-SdBNP
_bspa
_cBNPHU
082 4 _aRD863.44
_bS211r
_222
100 1 _aSánchez Maríñez, Julio
_91591
245 1 0 _aRelatos para pasar el rato /
_cJulio Sánchez Mariñez ; prólogo: José Mármol.
260 _aSanto Domingo :
_bBúho,
_c2018.
300 _a170 p. ;
_c 22 cm.
500 _aIncluye datos biográficos del autor en la solapa de la contracubierta.
505 0 _aPrólogo: los relatos de Julio – Primavera -- El sacerdote de Andrés -- La imagen -- El autobús -- Loco del barrio – Caminata -- Pelambre invasora -- De vuelta – Remolinos -- Las monedas .-- Pesadilla.-- Resbalón -- Misericordia, Barbarita, misericordia -- La lechuza -- El Chino – Temores – Cofradía – Desaparecidas – Desencuentro -- Tony no era quien parecía ser -- Para manejar los recuerdos .-- Síndrome de abstinencia, -- Verano -- Cuestión de logística -- El viejo de la barba azul – Escribano -- Escuchar música solo – Otoño -- Alma en pena -- Alter ego -- La trampa en los laberintos – Transporte – Invierno -- La esperanza de Manuel -- El escapulario -- Aguas bravas.
590 _aInventariado, 2021 /LP
700 1 _aMármol, José,
_d1960-
_eprólogo
_96454
910 _aValidado. Control de calidad MFF
942 _2ddc
_cLBS1
999 _c50028
_d50028